LEADER 00870nam a2200217 4500 001 000000332228 003 CaOOAMICUS 005 20190123103914.0 008 190123s1943 fr 000 u fre r 040 $aSeMil$bita 100 1 $aBaudelaire, Charles <1821-1867>.$0(OLS)http://semarc/name/8854 245 10$aPoésies complètes. 1 /$cCharles Baudelaire. 264 1$aParis :$bÉditions de Cluny,$c1943. 300 $a263 p. ;$c24 cm 500 $aEd. di esempl. num. 773 0 $aBaudelaire, Charles <1821-1867>$tPoésies complètes.$dParis : Éditions de Cluny, 1943.$w()332226 850 $aSeMil 852 $aSeMil$W1$xVenegono$y1$m1V IV 290$j210880$B224053$CSeMilBibl$Z2$F224053 $81 996 $6245$aPoésies complètes. 1$9(OLS)http://semarc/title/421008 996 $6264$aParis :$bÉditions de Cluny$9(OLS)http://semarc/publisher/58085 LEADER 01331nam a2200265 4500 001 000000341292 003 CaOOAMICUS 005 20200730083818.0 008 200730s1785 it a 000 u lat r 026 $amiro a;.G ciet rima (3) 1785 (R) 040 $aSeMil$bita 100 11$aCalandrelli, Giuseppe,$d<1749-1827>.$0(OLS)http://semarc/name/91502 245 00$aJosephi Calandrelli in Collegio romano physicae professoris ... Praelectio physica, de motu, et vi sollicitante corpora funependula per plana inclinata. 264 1$aRomae :$bEx typographia Barbellinia,$c1785. 300 $a[2], 38, [2] p., [1] carta di tav. ripieg. :$bill. ;$c4° 500 $aSegn.: pg1 A-E4 500 $aFregi xilogr. 650 4$aFisica sperimentale - Sec. 18.$0(OLS)http://semarc/subject/44602 710 0 $aBarbiellini, Carlo$c.$0(OLS)http://semarc/name/111823 752 $aIT$dRoma 850 $aSeMil 852 $aSeMil$W1$xVenegono$y1$m3Z VI 2/7 FA$j220074$B232274$CSeMilBibl$Z2$F232274 $8I 996 $6245$aJosephi Calandrelli in Collegio romano physicae professoris ... Praelectio physica, de motu, et vi sollicitante corpora funependula per plana inclinata$9(OLS)http://semarc/title/430322 996 $6264$aRomae :$bEx typographia Barbellinia$9(OLS)http://semarc/publisher/59162